Handbook of computer-communications standards

This book is one of a series of books that provides a comprehensive treatment of computer-comunications standards, presented within the framework of the OSI model.

Đã lưu trong:
書目詳細資料
主要作者: Stallings, William
格式: 圖書
語言:Undetermined
出版: Indianapolis Howard W. Sams & company 1990
主題:
標簽: 添加標簽
沒有標簽, 成為第一個標記此記錄!
Thư viện lưu trữ: Trung tâm Học liệu Trường Đại học Cần Thơ
LEADER 00788nam a2200205Ia 4500
001 CTU_232593
008 210402s9999 xx 000 0 und d
082 |a 004.6 
082 |b S782/Vol.1 
100 |a Stallings, William 
245 0 |a Handbook of computer-communications standards 
245 0 |c William Stallings 
260 |a Indianapolis 
260 |b Howard W. Sams & company 
260 |c 1990 
520 |a This book is one of a series of books that provides a comprehensive treatment of computer-comunications standards, presented within the framework of the OSI model. 
650 |a Hệ thống truyền dữ liệu,Data transmission systems 
650 |x Tiêu chuẩn,Standards 
910 |b dqhieu 
980 |a Trung tâm Học liệu Trường Đại học Cần Thơ